| 000 | 00496nam a2200169 a 4500 | ||
|---|---|---|---|
| 005 | 20221118063548.0 | ||
| 008 | 991125s1918 mx 000 0 spa u | ||
| 035 | _aUPN01000042049 | ||
| 049 | _aLT | ||
| 050 | 4 |
_aLB1573 M6 _bG6.6 |
|
| 100 | 1 | _aGómez, Ricardo | |
| 245 | 1 | 3 |
_aEl nuevo lector hispano-americano : _blibro tercero / _cRicardo Gómez. |
| 260 |
_aMéxico : _bHerrero, _c1918. |
||
| 300 |
_a396 p. : _bil. |
||
| 650 | 4 |
_aLectura _xEstudio y enseñanza (Elemental) _92805 |
|
| 905 | _aLibro | ||
| 999 |
_c42049 _d42049 |
||